El califa cigüeña

Gespeichert in:
Bibliographische Detailangaben
1. Verfasser: Hauff, W. Autor
Weitere Verfasser: Muguruza, P. Ilustrador Tenreiro, R.M. Traductor
Format: keine Angabe
Sprache:Spanisch
Erschienen: Madrid La lectura 1916
Katalog:MANES:  Suchergebnis im Bibliothekskatalog
Schulbuchspezifische Eigenschaften:
Tags: Tag hinzufügen
Keine Tags, Fügen Sie den ersten Tag hinzu!
Hinzugefügt zu:26.04.2016

MARC

LEADER 000000000a22000000004500
001 17981
003 OSt
008 160427s sp ||||| |||| 00| 0 spa d
041 1 |a spa 
040 |c centro_manes 
691 7 |a PRI 
100 1 |a Hauff, W.  |b Autor  |9 12991 
690 0 |a EyL 
700 1 |a Muguruza, P.  |b Ilustrador  |9 11839  |a Tenreiro, R.M.  |b Traductor  |9 12649 
245 0 0 |a El califa cigüeña 
260 3 |a Madrid  |b La lectura  |c 1916 
300 |a 139p  |c 11 * 17 cm 
500 |a ILUSTRACIONES: Contiene muchos dibujos en blanco y negro. ENCUADERNACIÓN: Cartoné. Tela. DESCRIPCIÓN CONTENIDO: Aventuras del Califa Cig[ueña. PALABRAS CLAVE: Libro de lectura. NéMERO EJEMPLARES: 1. Nº TOPOGRÁFICO: 2460. CONSERVACIÓN: Buena. 
942 |2 ddc  |c BK 
546 |a España 
999 |c 23950  |d 23950 
999 |c manes:23950  |d 23950